000 00604nam a2200181Ia 4500
008 151018s9999 xx 000 0 und d
082 _bRBASDV16568
_a891.464
100 _aहरी नारायण आपटे
245 _aदिवाकरदृष्टी
250 _b1
260 _bआपटे आणि मंडळीÇ
_c1929
300 _a121
600 _aहरी नारायण आपटे
630 _aदिवाकरदृष्टी
700 _aहरी नारायण आपटे
730 _aदिवाकरदृष्टी
942 _cBOOK
999 _c1017274
_d1017271